Oceanian countries by FIFA ranking - Statistics

General Stats
  • This quiz has been taken 14 times
  • The average score is 7 of 8
Answers on the Map
Answers color-coded by a green-red scale on the quiz's map according to % correct below.
 
Answer Stats
Answer % Correct
Australia
100%
New Zealand
100%
Fiji
93%
Papua New Guinea
86%
Samoa
86%
Solomon Islands
86%
Tonga
86%
Vanuatu
86%
No matching quizzes found
Score Distribution
Percent of People with Each Score
Percentile by Number Answered
Your Score History
You have not taken this quiz